00711nam a22002297a 450000500170000001000270001702000260004403500170007003500140008703500130010103700130011403700130012708200130014010000260015324501080017925000110028726000340029827000740033230000340040650000190044070000220045920170509105043.0 a1617EN ENG-116963 a9788131526613c775.00 aB-653829-838 aEN-100495 aB-665130 bABCaDPL bDBAD/PUB a658.4033 aAlbright, S.Christian aBusiness analytics:cby S.Christian Albright [and] Wayne L.Winstonbdata analysis and decision making / a5th ed aDelhibCengage Learningc2015 a418, F.I.E.,patparganjbDelhie110092k91 11 43641111l91 11 43641100 axviii,990p.:c25cm(pbk)bill. aincludes index aWinston, Wayne L.